Vzaimodejstvije naučno-techničeskogo i social'nogo progressa Sbornik naučnych trudov

Saved in:
Bibliographic Details
Format: Book
Language:Russian
Published: Novosibirsk Nauka 1989
Edition:1. izd.
Tags: Add Tag
No Tags, Be the first to tag this record!

MARC

LEADER 00000nam a2200000 4500
001 c033277
005 20250516120508.9
041 0 |a rus 
044 |a RU 
245 1 0 |a Vzaimodejstvije naučno-techničeskogo i social'nogo progressa  |b Sbornik naučnych trudov  |c Zodp. red. V.I. Bojko 
250 |a 1. izd. 
264 1 |a Novosibirsk  |b Nauka  |c 1989 
300 |a 269 s.